| 000 | 00830nam a22002897a 4500 | ||
|---|---|---|---|
| 003 | BCEG | ||
| 005 | 20260124152346.0 | ||
| 008 | 260123s2003 flu|||||||||||||||| spa d | ||
| 020 | _a0829738703 | ||
| 020 | _a97808297 | ||
| 040 |
_aBCEG _bspa _cBCEG |
||
| 082 | 0 | 4 |
_a248.4 _bW286v |
| 100 | 1 |
_aWarren, Rick, _d1954-. |
|
| 245 | 1 | 0 |
_aUna vida con propósito _b: ¿para que estoy aquí en la tierra? |
| 260 |
_aMiami, Florida : _bEditorial Vida, _c2003. |
||
| 300 | _a367 p. | ||
| 504 | _aIncluye apéndice. | ||
| 534 |
_pTítulo original: _tThe purpose driven life. |
||
| 541 | _aDonación. | ||
| 650 | 1 | 4 | _aVida cristiana. |
| 650 | 1 | 4 | _aVida espiritual. |
| 700 | 1 |
_aFuchs, David, _eadap. |
|
| 700 | 1 |
_aFernández, Esteba, _eadap. |
|
| 700 | 1 |
_aTorres, Edugenio, _eed. |
|
| 700 | 1 |
_aDíaz, Madeline, _eed. |
|
| 942 | _cBK | ||
| 999 |
_c437057 _d437057 |
||